000 00392nam a2200169Ia 4500
008 210210b1944 xxu||||| |||| 00| 0 eng d
041 _aeng
082 _a829/350
100 _aD'YDEWALLE (C)
245 _aInterlude in Spain
260 _aLondon
_bMacmillan & Co. Ltd.
_c1944
650 _aSpain
650 _aInterlude
650 _ain
690 _aEnglish Fiction
906 _a016954
999 _c136890
_d136890